Đất trời chung đức ngàn năm : Mỹ tục của người Thái Tây Bắc
Giới thiệu vẻ đẹp văn hóa trong ẩm thực, âm nhạc, sinh hoạt, phong tục tập quán của người Thái ở Tây Bắc.
সংরক্ষণ করুন:
| প্রধান লেখক: | |
|---|---|
| বিন্যাস: | গ্রন্থ |
| ভাষা: | Undetermined |
| প্রকাশিত: |
Hà Nội
Văn học
2018
|
| বিষয়গুলি: | |
| ট্যাগগুলো: |
ট্যাগ যুক্ত করুন
কোনো ট্যাগ নেই, প্রথমজন হিসাবে ট্যাগ করুন!
|
| Thư viện lưu trữ: | Trung tâm Học liệu Trường Đại học Cần Thơ |
|---|
| LEADER | 00803nam a2200217Ia 4500 | ||
|---|---|---|---|
| 001 | CTU_228875 | ||
| 008 | 210402s9999 xx 000 0 und d | ||
| 082 | |a 398.09597 | ||
| 082 | |b H101 | ||
| 100 | |a Trần, Vân Hạc | ||
| 245 | 0 | |a Đất trời chung đức ngàn năm : | |
| 245 | 0 | |b Mỹ tục của người Thái Tây Bắc | |
| 245 | 0 | |c Trần Vân Hạc | |
| 260 | |a Hà Nội | ||
| 260 | |b Văn học | ||
| 260 | |c 2018 | ||
| 520 | |a Giới thiệu vẻ đẹp văn hóa trong ẩm thực, âm nhạc, sinh hoạt, phong tục tập quán của người Thái ở Tây Bắc. | ||
| 650 | |a Văn hóa dân gian,Folklore | ||
| 650 | |z Việt Nam,Vietnam | ||
| 910 | |b nthai | ||
| 980 | |a Trung tâm Học liệu Trường Đại học Cần Thơ | ||